01872nam a2200133 4500008001000000020001800010082001500028100005100043245004900094260004200143300003100185505140300216650011901619708 S122s a9789563932065 a708bS122s aCárdenas, Elisa, Wyskiel, Dagmara (editoras) aSACO6:bSexta semana de Arte Contemporáneo aAntofagastabColectivo SE VENDEc2017 a191bill (col)c20 x 14 cm tAmor: decadencia y resistenciatEl latin lover en los tiempos de crisisrDagmara WyskieltArtes visuales con sentido territorial e históricorElisa CárdenastLa cultura capital socialrPatricio VilaplanatTerritorialidadesrVarinia BrodskytArte como sentimiento más elevadotObras que cobran vida propia rElisa CárdenastEntrevistas con: Ana Mosquera, Adriana Ciudad, Nicholas Jackson, Paz Castañeda, Oscar Pabón, Lucía Warck-Meister, Fernando FoglinotArchivo de la sequedad y umbrales complementariostParalelo de rebeldíarDagmara WyskieltHablar de amorrMarcelo MelladotArte, desierto, convivenciarAlejandra VillasmiltPliegues de amor, despliegue de arterClaudio PereiratEn el LiceotEstímulos sostenibles: encuentros con las nuevas generacionesrFrancisco VergaratAluvión visualtEl eterno anhelo de lograr la madurezrDagmara WyskieltSeñales contemporáneas de lo localrElisa CárdenastUn espejo roto frente a la ciudadrDagmara WyskieltEfecto perimetralrVania CarotPolvo eresrDagmara Wyskielt1/8 por el todorMaría Irene AlcaldetLa punta del iceberg en el desiertorPilar ElguetatEl baúl del pasado como llave a lo contemporáneorCarolina ContrerastEl el marco de SACO6tAnónima. Entrevista con Ximena ZomosatSiguiendo las huellasrJulia PoplawskatPensando SACO como acto de resistencia rMarcos FigueroatColectivo se vende: una memoria xarte contemporáneoxarte exhibicionesxarte amorxarte decadenciaxarte resistenciaxChilexjulio/setiembre 2017